000 00614nam a2200265Ia 4500
005 20260121170400.0
008 008 260114s9999 xx 000 0 eng d
020 _a9781137540447
037 _aEBOOK
040 _aCRL
040 _beng
040 _cCRL
041 _2eng
041 _aeng
084 _qCRL
100 _aJoan Templeton
_91063200
245 0 _aShaw’s Ibsen
260 _bSpringer
260 _bSpringer
260 _c2018
856 _uhttps://link.springer.com/openurl?genre=book&isbn=978-1-137-54044-7
942 _cEBOOK
999 _c1628929
_d1628929